Model survey reports (Record no. 94353)

MARC details
000 -LEADER
fixed length control field 00423cam a2200181 4500
001 - CONTROL NUMBER
control field D5639
008 - FIXED-LENGTH DATA ELEMENTS--GENERAL INFORMATION
fixed length control field 090401t1986 xxu||||| |||| 00| 0 eng d
035 ## - SYSTEM CONTROL NUMBER
System control number (Sirsi) u61834
041 ## - LANGUAGE CODE
Language code of text/sound track or separate title eng
050 ## - LIBRARY OF CONGRESS CALL NUMBER
Classification number 690.2
100 ## - MAIN ENTRY--PERSONAL NAME
Personal name Hollis, Malcolm
245 ## - TITLE STATEMENT
Title Model survey reports
260 ## - PUBLICATION, DISTRIBUTION, ETC.
Place of publication, distribution, etc. London
Name of publisher, distributor, etc. Henry Stewart Publications
Date of publication, distribution, etc. 1986
300 ## - PHYSICAL DESCRIPTION
Extent 104p. ill. 24cm
350 ## - PRICE (NR) (BK AM CF MU VM SE) [OBSOLETE]
Price 17.5
942 ## - ADDED ENTRY ELEMENTS (KOHA)
Suppress in OPAC 0
948 ## - LOCAL PROCESSING INFORMATION (OCLC); SERIES PART DESIGNATOR (RLIN)
c (OCLC) 04/03/1997
Holdings
Withdrawn status Lost status Source of classification or shelving scheme Damaged status Not for loan Home library Current library Shelving location Date acquired Cost, normal purchase price Total Checkouts Full call number Barcode Date last seen Copy number Cost, replacement price Price effective from Koha item type Date last checked out
    Dewey Decimal Classification     London London Books 14/09/1999 17.50   690.2 30020686 06/08/2019 1 17.50 06/08/2019 Reference material  
    Dewey Decimal Classification     London London Basement 14/09/1999 17.50 22 690.2 30006482 06/08/2019 2 17.50 06/08/2019 Book 24/10/2006